00546nam a22001577a 4500003000900000005001700009008004100026040001300067100001200080245008800092250000600180260003800186300001700224490002400241520012300265IT-RoPau20220918175941.0130208b xxu||||| |||| 00| 0 eng d cIT-RoPau aOrnella aMaggiorino VigolungobIl Servo di Dio. Giovane apostolo della comunicazione sociale aI aRomabPostulazione Generalec1981 a72 p.c18 cm aEdizioni PaolinevI aIndice Presentazione Nascita e infanzia La vocazione Nella Società S. Paolo Programma eroico Li aspetto in Paradiso